|
|
|
|
| LEADER |
01973nam a22003137a 4500 |
| 001 |
40133 |
| 003 |
BD-DhAAL |
| 008 |
221205t2003 ii ||||| |||| 00| 0 ben d |
| 020 |
|
|
|a 9841802511
|
| 040 |
|
|
|a BD-DhAAL
|c BD-DhAAL
|
| 041 |
|
|
|a ben
|
| 082 |
|
|
|a 915.4033
|
| 100 |
|
|
|a শাস্ত্রী, শিবনাথ
|9 52715
|
| 245 |
|
|
|a রামতনু লাহিড়ী ও তৎকালীন-বঙ্গসমাজ /
|c শিবনাথ শাস্ত্রী
|
| 246 |
|
|
|a Ramtanu Lahiri o tatkalin bangoshamaj
|
| 260 |
|
|
|a কলকাতা :
|b রুবী পাবলিশার্স ;
|b বিশ্বসাহিত্য কেন্দ্র,
|c ২০০৩ [তৃতীয় সংস্করণ তৃতীয় মুদ্রণ ২০১৭].
|
| 300 |
|
|
|a ৩০৭ পৃষ্ঠা,
|a ৩২৩ পৃষ্ঠা ;
|c ২২ সে.মি.
|
| 526 |
|
|
|a GenEd
|
| 541 |
|
|
|a Donated By Akbar Ali Khan, Development Book Agency
|e 40133, 40782, 40783
|
| 600 |
|
|
|a Lahiri, Ramtanu,
|d 1813-1898.
|9 52716
|
| 610 |
|
|
|a Brāhmasamāja (India)
|x History.
|9 52717
|
| 650 |
|
|
|a Education and state
|z India
|z Bengal
|x History.
|9 52718
|
| 651 |
|
|
|a Bengal (India)
|x Intellectual life
|y 19th century.
|9 52719
|
| 852 |
|
|
|a Ayesha Abed Library
|c Akbar Ali Khan Collection
|
| 942 |
|
|
|2 ddc
|c BK
|
| 999 |
|
|
|c 45118
|d 45118
|
| 952 |
|
|
|0 0
|1 0
|2 ddc
|3 Please send to the cataloguing team for changing the author mark
|4 0
|6 915_403300000000000_SHA
|7 1
|9 72434
|a BRACUL
|b BRACUL
|c CS1
|d 2022-12-05
|e Donated by Akbar Ali Khan
|g 100.00
|l 0
|o 915.4033 SHA
|p 3010040133
|r 2022-12-05
|t 1
|w 2022-12-05
|y BK
|
| 952 |
|
|
|0 0
|1 0
|2 ddc
|4 0
|6 915_403300000000000_SAS
|7 0
|9 72946
|a SCL
|b SCL
|c GEN
|d 2023-01-15
|e Development Book Agency
|g 362.00
|l 0
|o 915.4033 SAS
|p 3020040782
|r 2023-01-15
|t 2
|v 362.00
|w 2023-01-15
|y BK
|
| 952 |
|
|
|0 0
|1 0
|2 ddc
|4 0
|6 915_403300000000000_SAS
|7 0
|9 72947
|a SCL
|b SCL
|c GEN
|d 2023-01-15
|e Development Book Agency
|g 362.00
|l 0
|o 915.4033 SAS
|p 3020040783
|r 2023-01-15
|t 3
|v 362.00
|w 2023-01-15
|y BK
|